header

Hypercalcemia pathophysiology & treatment (Record no. 137157)

MARC details
000 -LEADER
fixed length control field 01114nam a2200277Ia 4500
100 1# - MAIN ENTRY--AUTHOR NAME
Personal name Lumachi, Franco.
245 10 - TITLE STATEMENT
Title Hypercalcemia pathophysiology & treatment
260 ## - PUBLICATION, DISTRIBUTION, ETC. (IMPRINT)
Place of publication [S.l.] :
Name of publisher Bentham e Books,
Year of publication [2010]
300 ## - PHYSICAL DESCRIPTION
Number of Pages vi, 105 p. :
Other physical details ill.
650 #0 - SUBJECT ADDED ENTRY--TOPICAL TERM
Topical Term Hypercalcemia.
Topical Term Hypercalcemia
700 1# - ADDED ENTRY--PERSONAL NAME
Personal name Basso, Stefano M. M.
856 40 - ELECTRONIC LOCATION AND ACCESS
Uniform Resource Identifier http://site.ebrary.com/lib/rucke/Doc?id=10447987

No items available.

© 2026 Rongo University
Contact us: librarian | system librarian | Rongo university